[Event "Floripa Chess Open 2024"]
[Site "Florianopolis"]
[Date "2024.01.22"]
[Round "3.178"]
[White "Candido, Eduardo Da Silva"]
[Black "Altenhofen, Guilherme Graneto"]
[Result "0-1"]
[WhiteElo "1792"]
[BlackElo "1425"]
[PlyCount "80"]
[EventDate "2024.01.20"]
[EventRounds "10"]
[EventCountry "BRA"]

1. e4 c5 2. Nf3 e6 3. d3 Nc6 4. g3 Nf6 5. Bg2 Be7 6. O-O O-O 7. e5 ({RR} 7. Nc3
d5 8. Bd2 b6 9. Re1 d4 10. Nb5 e5 11. a4 a6 12. Na3 Rb8 13. Nc4 Nd7 14. Bh3 Qc7
15. c3 b5 16. Na3 c4 17. axb5 axb5 18. dxc4 Bxa3 19. Rxa3 bxc4 20. cxd4 Rxb2
21. Qc1 Rb7 {Harikrishna,P (2727)-Wang,Y (2720) Beijing 2014 1-0 (39)}) 7...
Nd5 ({RR} 7... Ng4 8. Re1 d6 9. exd6 Bxd6 10. Nbd2 Nf6 11. Nc4 Be7 12. a4 Nd5
13. a5 Rb8 14. c3 b5 15. axb6 axb6 16. Nfe5 Nxe5 17. Nxe5 Bb7 18. Ra7 Qc8 19.
Qa4 Ra8 20. c4 f6 21. Rxa8 Bxa8 22. cxd5 {Oratovsky,M (2474)-Lombaers,P (2361)
Maia POR 2018 1-0 (44)}) 8. c4 Nc7 $146 ({RR} 8... Nb6 9. b3 d6 10. Bb2 dxe5
11. Nxe5 Nxe5 12. Bxe5 Nd7 13. Bb2 e5 14. Qe2 Bf6 15. Nc3 Re8 16. Rae1 g6 17.
f4 Bg7 18. Bd5 Nf6 19. fxe5 Nxd5 20. Nxd5 Bf5 21. Kh1 Qd7 22. Qf3 Rad8 23. Re3
{Bjornsson,B (2159)-Magnusdottir,V (1777) Reykjavik 2017 1-0 (31)}) 9. Nc3 d6
10. exd6 Qxd6 11. Ne4 Qd7 12. Bf4 Rd8 13. Nfg5 e5 14. Bh3 Qxd3 15. Qh5 Bxg5 16.
Bxg5 Qxe4 17. Bxd8 Bxh3 18. Qxh3 Rxd8 19. Rad1 Nd4 20. Qg2 Qxg2+ 21. Kxg2 Kf8
22. Rd3 Nce6 23. Rfd1 Ke7 24. f3 Rd6 25. b3 Ra6 26. R1d2 Rd6 27. Rd1 Rd8 28.
Kf2 f6 29. Ke3 g6 30. Kf2 Ng5 31. h4 Ngxf3 32. Rxf3 Nxf3 33. Rxd8 Kxd8 34. Kxf3
Ke7 35. g4 Ke6 36. Ke3 f5 37. g5 b6 38. a3 a5 39. a4 e4 40. Kf4 Kd6 0-1

[Event "Floripa Chess Open 2024"]
[Site "Florianopolis"]
[Date "2024.01.22"]
[Round "3.179"]
[White "Arosteguy, Vitor Augusto Colac"]
[Black "Goncalves, Adriana Emiliana"]
[Result "0-1"]
[WhiteElo "1385"]
[BlackElo "1744"]
[PlyCount "44"]
[EventDate "2024.01.20"]
[EventRounds "10"]
[EventCountry "BRA"]

1. e4 e5 2. Nf3 Nf6 3. Bc4 Bc5 4. O-O Nc6 5. d3 h6 6. c3 d6 7. Re1 Bg4 8. Nbd2
({RR} 8. h3 Bxf3 9. Qxf3 a6 10. a4 Qd7 11. Nd2 Na5 12. Ba2 Ba7 13. b4 Nc6 14.
Nf1 Ne7 15. Ng3 a5 16. b5 c6 17. bxc6 bxc6 18. Bd2 Rb8 19. Rab1 Rxb1 20. Rxb1
d5 21. d4 Ng6 22. exd5 cxd5 {Svane,R (2628)-Pershina,E (2114) chess.com INT
2021 1-0 (35)}) 8... O-O 9. Nf1 a6 10. Bb3 Be6 $146 ({RR} 10... Qd7 11. h3 Bh5
12. Ng3 Bg6 13. Nh4 Kh7 14. Qf3 Ne7 15. Be3 Ba7 16. Rad1 c5 17. d4 cxd4 18.
cxd4 exd4 19. Bxd4 Bxd4 20. Rxd4 Qc6 21. Nhf5 Bxf5 22. Nxf5 Nxf5 23. Qxf5+ Kh8
24. Red1 Rae8 25. f3 {Zeljko,J (1845)-Harnik,I (1949) Velenje 2005 1-0 (36)}) (
{RR} 10... Re8 11. h3 Bh5 12. Ng3 Bg6 13. Bc2 Ne7 14. Be3 Ba7 15. d4 exd4 16.
cxd4 Bh7 17. Rc1 c6 18. Qd2 Rc8 {1/2-1/2 (18) Schintgen,G-Olasupo,E Bratislava
1993}) 11. Ng3 Qd7 12. d4 Bxb3 13. axb3 Bb6 14. d5 Ne7 15. Nh4 Qg4 16. Qxg4
Nxg4 17. Be3 Nxe3 18. fxe3 g6 19. Nf3 f5 20. exf5 gxf5 21. Kf1 Nxd5 22. e4 Ne3+
0-1

[Event "Floripa Chess Open 2024"]
[Site "Florianopolis"]
[Date "2024.01.22"]
[Round "3.180"]
[White "Rodrigues, Natanael Isau"]
[Black "Santos, Nathaly Camily Ferr"]
[Result "1-0"]
[WhiteElo "1704"]
[BlackElo "1167"]
[PlyCount "59"]
[EventDate "2024.01.20"]
[EventRounds "10"]
[EventCountry "BRA"]

1. e4 c5 2. Nc3 d6 3. Bb5+ Nd7 4. a4 ({RR} 4. d4 cxd4 5. Qxd4 a6 6. Bxd7+ Bxd7
7. Nge2 Nf6 8. Bg5 e6 9. O-O-O h6 10. Bh4 Be7 11. Bxf6 gxf6 12. f4 Qa5 13. Kb1
Rc8 14. f5 Qe5 15. Qd3 b5 16. Nd4 b4 17. Nce2 a5 18. Rhf1 a4 {Safarli,E (2601)
-Dominguez Perez,L (2758) Moscow RUS 2019 0-1 (37)}) ({RR} 4. d4 cxd4 5. Qxd4
a6 6. Bxd7+ Bxd7 7. Nge2 e5 8. Qd3 h6 9. Nd5 Nf6 10. Nec3 Be6 11. Be3 Nxd5 12.
Nxd5 Bxd5 13. Qxd5 Qc7 14. O-O-O Rc8 15. Rd2 Be7 16. Rhd1 O-O 17. Kb1 Qc6 18.
b3 b5 {Safarli,E (2585)-Potapova,M (2257) chess.com INT 2022 1-0 (35)}) 4... a6
5. Bc4 Ngf6 6. d3 $146 ({RR} 6. Nf3 e6 7. O-O Be7 8. d4 cxd4 9. Nxd4 d5 10.
exd5 Nb6 11. Bb3 Nbxd5 12. Nxd5 Nxd5 13. Re1 O-O 14. c3 Bf6 15. Qf3 Qa5 16.
Bxd5 Bxd4 17. Be4 f5 18. Bc2 Bf6 19. Qg3 e5 20. Bg5 Bxg5 {Dumpor,A (2382)
-Ardeleanu,A (2391) Subotica 2004 1-0 (36)}) ({RR} 6. f4 g6 7. Nf3 Nb6 8. Bb3
Bg7 9. a5 Nbd7 10. O-O O-O 11. Qe1 b5 12. e5 dxe5 13. fxe5 Nh5 14. e6 fxe6 15.
Bxe6+ Kh8 16. Ng5 Bd4+ 17. Kh1 Ne5 18. Rxf8+ Qxf8 19. Bxc8 Rxc8 20. Ne2 Ng4 {
Rodriguez Rodriguez,J (1206)-Juli Gil,J (1483) Santa Cruz de Tenerife 2016 0-1
(34)}) 6... Ne5 7. Bb3 e6 8. f4 Nc6 9. Be3 Nd4 10. Bxd4 cxd4 11. Nce2 e5 12. h3
Nh5 13. Nf3 Qa5+ 14. Qd2 Qxd2+ 15. Kxd2 f6 16. g4 Nxf4 17. Nxf4 exf4 18. Nxd4
h5 19. Be6 Ke7 20. Bd5 g6 21. gxh5 Rxh5 22. h4 Bg7 23. Ne2 Bh6 24. Kc3 Bg4 25.
Nd4 Rc8+ 26. Kb3 Rc7 27. Rag1 f5 28. exf5 Bxf5 29. Re1+ Kf6 30. Bf3 1-0

[Event "Floripa Chess Open 2024"]
[Site "Florianopolis"]
[Date "2024.01.22"]
[Round "3.181"]
[White "De Resende, Sidnei"]
[Black "Kortmann, Pedro Reck"]
[Result "1-0"]
[WhiteElo "1666"]
[BlackElo "1159"]
[PlyCount "59"]
[EventDate "2024.01.20"]
[EventRounds "10"]
[EventCountry "BRA"]

1. e4 c5 2. Nf3 a6 3. d4 cxd4 4. Nxd4 Nf6 5. Nc3 e5 6. Nb3 Bb4 7. Bd3 d5 8.
exd5 Qxd5 9. O-O Qc6 $146 ({RR} 9... Bxc3 10. bxc3 O-O 11. c4 Qc6 12. Bb2 Qc7
13. Qd2 Nc6 14. Rae1 Ng4 15. h3 Nh6 16. f4 Re8 17. fxe5 Nxe5 18. Bxe5 {1-0 (18)
Johner,H-Szabados,E Zuerich 1962}) ({RR} 9... Bxc3 10. bxc3 O-O 11. c4 Qc6 12.
Bb2 Nbd7 13. Re1 Re8 14. Qd2 b6 15. Qg5 Bb7 16. f3 h6 17. Qh4 a5 18. a4 Rad8
19. c5 Ra8 20. cxb6 Qxb6+ 21. Kh1 Bd5 22. Bb5 Qb7 23. Nd2 Re6 24. c4 {Semenova,
I (2268)-Dmitriev,I (2404) Voronezh 1999 0-1 (51)}) ({RR} 9... Bxc3 10. bxc3
O-O 11. c4 Qc6 12. Bb2 Nbd7 13. Re1 Re8 14. Qd2 e4 15. Bf1 Ne5 16. Qf4 Ng6 17.
Qg3 h5 18. c5 h4 19. Qd6 Bd7 20. Bxf6 gxf6 21. Nd4 Qxd6 22. cxd6 f5 23. c4 Rab8
24. c5 {Timokhina,E (1985)-Gutmakher,O (2236) Tel Aviv ISR 2021 0-1 (40)}) ({RR
} 9... Bxc3 10. bxc3 O-O 11. c4 Qc6 12. Bb2 Re8 13. Re1 Nbd7 14. Bf1 b6 15. Qd3
a5 16. Qg3 Ba6 17. Nd2 Rad8 18. Bd3 b5 19. cxb5 Bxb5 20. c4 Ba6 21. Bc3 a4 22.
Rab1 h6 23. Rb4 Nh5 24. Qe3 {Lundin,E-Nilsson,Z Gothenburg 1964 1/2-1/2 (46)})
({RR} 9... Bxc3 10. bxc3 O-O 11. Qe2 e4 12. Bc4 Qh5 13. Qxh5 Nxh5 14. Nc5 Nf6
15. Bg5 Nbd7 16. Nxd7 Bxd7 17. Bxf6 gxf6 18. Bd5 Bc6 19. Bxc6 bxc6 20. Rfe1
Rfe8 21. Kf1 f5 22. g3 Re5 23. Rab1 Rc5 24. Rb3 {Chandler,M-Cornford,L Dunedin
1975 0-1 (55)}) 10. Bd2 O-O 11. Re1 Nbd7 12. a3 Bc5 13. Nxc5 Qxc5 14. Qf3 Re8
15. Qg3 Qd4 16. Rad1 Qg4 17. Qxg4 Nxg4 18. Nd5 Rb8 19. Bc4 Ndf6 20. Bc3 Bf5 21.
h3 Nh6 22. Bxe5 Rbc8 23. Nxf6+ gxf6 24. Bxf6 Rxe1+ 25. Rxe1 Kf8 26. Bb3 Bxc2
27. Bd5 Rc7 28. Rc1 Rc8 29. Bxb7 Rc7 30. Be4 1-0

[Event "Floripa Chess Open 2024"]
[Site "Florianopolis"]
[Date "2024.01.22"]
[Round "3.182"]
[White "Dos Santos, Leonardo Lopes"]
[Black "Seara, Sophia Parisotto"]
[Result "1-0"]
[WhiteElo "1664"]
[BlackElo "1154"]
[PlyCount "91"]
[EventDate "2024.01.20"]
[EventRounds "10"]
[EventCountry "BRA"]

1. e4 c5 2. Nf3 d6 3. Nc3 Nc6 4. d4 cxd4 5. Nxd4 Nf6 6. Be3 g6 7. Be2 Bg7 8. f3
Qc7 $146 ({RR} 8... Bd7 9. Qd2 h5 10. Nd5 Nxd5 11. exd5 Ne5 12. c4 Qc8 13. Rc1
Bf5 14. O-O O-O 15. Kh1 a6 16. b4 Qd7 17. Nxf5 Qxf5 18. f4 Ng4 19. Bd3 Qf6 20.
f5 Qe5 21. Bf4 Bh6 22. h3 Bxf4 23. Qxf4 {Hromadka,K-Vecsey,Z Brno 1921 1/2-1/2
(45)}) ({RR} 8... Bd7 9. Qd2 Rc8 10. Nxc6 bxc6 11. O-O Qc7 12. Kh1 O-O 13. Bh6
Bxh6 14. Qxh6 Rb8 15. Rab1 d5 16. Qg5 Be6 17. Bd3 Rfd8 18. e5 Ne8 19. f4 Ng7
20. f5 f6 21. exf6 exf6 22. Qxf6 Rf8 23. Qd4 {Umgaev,A (2201)-Erendzhenov,S 
(2307) Elista 1999 0-1 (75)}) ({RR} 8... Bd7 9. Qd2 Rc8 10. O-O-O a6 11. g4 b5
12. h4 h5 13. g5 Nh7 14. f4 Qa5 15. Kb1 O-O 16. Nxc6 Rxc6 17. Nd5 Qd8 18. Bd4
e6 19. Bxg7 Kxg7 20. Ne3 Qb6 21. f5 Rfc8 22. Rhf1 Qc5 23. Bf3 {Gunes,F (1406)
-Karsligil,A (1420) Konya TUR 2019 1-0 (51)}) ({RR} 8... Nxd4 9. Bxd4 O-O 10.
O-O e5 11. Be3 Be6 12. Nd5 Nxd5 13. exd5 Bd7 14. c4 b6 15. Qd2 f5 16. Rac1 f4
17. Bf2 g5 18. b4 Rf6 19. c5 bxc5 20. bxc5 dxc5 21. Bxc5 Qe8 22. d6 Kh8 23.
Rfd1 {Belavenets,S-Lisitsin,G Leningrad (Russia) 1939 1-0 (50)}) ({RR} 8... b6
9. Qd2 Bb7 10. Nb3 O-O 11. g4 Rc8 12. O-O-O e5 13. h4 Ne8 14. h5 Ne7 15. hxg6
fxg6 16. Bh6 d5 17. Bxg7 Nxg7 18. Qh6 d4 19. Qxh7+ Kf7 20. Nb5 a6 21. Na3 Rh8
22. Qxh8 Qxh8 23. Rxh8 {Lundgren,L (1981)-Kyhle,B (1650) Jonkoping 1988 1-0 
(38)}) 9. Qd2 h5 10. O-O O-O 11. Rad1 a6 12. Kh1 Ne5 13. Bh6 Nc4 14. Qc1 Nxb2
15. Bxg7 Nxd1 16. Qh6 Nh7 17. Nd5 Qd8 18. Bxf8 Qxf8 19. Qxf8+ Kxf8 20. Rxd1 b5
21. Nb6 Rb8 22. Nxc8 Rxc8 23. Bd3 Kg7 24. a4 b4 25. Bxa6 Ra8 26. Bb5 Nf6 27.
Nc6 Rc8 28. Nxb4 h4 29. c4 Nh5 30. a5 Ra8 31. a6 Nf4 32. Bc6 Ra7 33. Bb7 Ne6
34. Nc6 Rxa6 35. Bxa6 Nc5 36. Bb5 Kf6 37. e5+ dxe5 38. Nxe5 e6 39. Nd7+ Nxd7
40. Rxd7 e5 41. c5 Ke6 42. c6 f5 43. c7 e4 44. c8=Q exf3 45. Qe8+ Kf6 46. Qe7#
1-0

[Event "Floripa Chess Open 2024"]
[Site "Florianopolis"]
[Date "2024.01.22"]
[Round "3.183"]
[White "Paula Pinto, Mateus Arsenio"]
[Black "Cunha, Paola De Oliveira"]
[Result "0-1"]
[WhiteElo "1640"]
[BlackElo "1151"]
[PlyCount "134"]
[EventDate "2024.01.20"]
[EventRounds "10"]
[EventCountry "BRA"]

1. d4 Nf6 2. c4 g6 3. Nf3 Bg7 4. g3 O-O 5. Bg2 d6 6. O-O Nbd7 7. Nc3 e5 8. e4
exd4 9. Nxd4 Nc5 10. b4 Ne6 11. Be3 Ng4 12. Qxg4 Nxd4 13. Qd1 Nc6 14. Qb3 $146
({RR} 14. Nd5 Ne5 15. Rc1 Be6 16. f4 Ng4 17. Bd4 Bxd4+ 18. Qxd4 c6 19. h3 cxd5
20. cxd5 Bxd5 21. exd5 Nf6 22. Kh2 Nd7 23. f5 Ne5 24. f6 h6 25. Qf4 Kh7 26. Rc3
Qd7 27. Be4 Rac8 28. Rfc1 Rxc3 {Molnar,E (2143)-Sandor,T (2003) Hungary 2008 1/
2-1/2 (43)}) 14... Be6 15. f4 Nd4 16. Bxd4 Bxd4+ 17. Kh1 b5 18. Rfd1 Bxc4 19.
Qc2 Bg7 20. Rac1 Rb8 21. Nd5 c6 22. Ne3 Be6 23. f5 Bh6 24. Qc3 Bxa2 25. Ra1 Bg7
26. e5 Bxe5 27. Qxe5 dxe5 28. Rxd8 Rfxd8 29. Rxa2 gxf5 30. Bxc6 Rb6 31. Nxf5
Kf8 32. Be4 a6 33. Kg2 h5 34. Kh3 Rd1 35. Rc2 Rb8 36. Rc6 Re1 37. Rh6 Ke8 38.
Rh8+ Kd7 39. Rxb8 Rxe4 40. Rb6 Rxb4 41. Rxa6 e4 42. Rd6+ Kc7 43. Rd2 Rc4 44.
Kg2 b4 45. Kf2 Rc3 46. Ke2 b3 47. Nd4 e3 48. Rd3 Rxd3 49. Kxd3 e2 50. Nxe2 Kd6
51. Ke4 b2 52. Nc3 Ke6 53. Kf4 Kf6 54. Nb1 Kg6 55. h3 h4 56. g4 f6 57. Nc3 Kh6
58. Kf5 Kg7 59. Ke6 Kg6 60. Ke7 f5 61. gxf5+ Kxf5 62. Kf7 Kf4 63. Ke6 Kg3 64.
Kd5 Kxh3 65. Kc4 Kg2 66. Kb3 h3 67. Kxb2 h2 0-1

[Event "Floripa Chess Open 2024"]
[Site "Florianopolis"]
[Date "2024.01.22"]
[Round "3.184"]
[White "Motta, Agahta Dos Santos"]
[Black "Kerr, Carter"]
[Result "0-1"]
[WhiteElo "1124"]
[BlackElo "1624"]
[PlyCount "56"]
[EventDate "2024.01.20"]
[EventRounds "10"]
[EventCountry "BRA"]

1. d4 Nf6 2. c4 g6 3. Nc3 Bg7 4. g3 d6 5. Bg2 Nbd7 6. e3 c5 7. Nge2 O-O 8. O-O
Nb6 ({RR} 8... Rb8 9. b3 a6 10. a4 b6 11. Bb2 Bb7 12. d5 Ne8 13. Qc2 Qc7 14. e4
Nef6 15. h3 Rbd8 16. Rad1 Rfe8 17. Bc1 e5 18. f4 exf4 19. gxf4 Nh5 20. Bd2 Bc8
21. Be1 Nf8 22. Bh4 f5 23. Bxd8 {Spraggett,K (2575)-Lipnowski,I (2350)
Winnipeg 1997 1-0 (31)}) ({RR} 8... Rb8 9. Rb1 a6 10. a4 b6 11. h3 Qc7 12. b3
Bb7 13. d5 Bc8 14. e4 Ne8 15. Bg5 Ndf6 16. Qd2 Bd7 17. f4 h6 18. Bh4 b5 19.
axb5 axb5 20. g4 bxc4 21. bxc4 Rb4 22. Qd3 Kh8 23. Rxb4 {Scheerer,C (2357)
-Wlodarczyk,O (2285) Germany 2017 1-0 (55)}) 9. b3 cxd4 10. exd4 e5 $146 ({RR} 
10... d5 11. c5 Nbd7 12. Nxd5 Nxd5 13. Bxd5 Nxc5 14. dxc5 Bxa1 15. Bh6 Bg7 16.
Bxg7 Kxg7 17. Qd4+ Kg8 18. Bxf7+ Kxf7 19. Qf4+ Kg8 20. Qh6 Bg4 21. Nf4 Qd2 22.
Qg5 Be2 23. Ra1 e5 24. Qxe5 Rae8 25. Qd5+ {Suarez,M-Calderon,K (2117) Cali
2008 0-1}) 11. Ba3 Re8 12. Qd2 e4 13. Qf4 d5 14. c5 Nbd7 15. Nb5 Qa5 16. Nec3
Nh5 17. Qd2 f5 18. Nd6 Re6 19. Bb2 f4 20. gxf4 Bh6 21. Qe2 Nxf4 22. Qg4 Nxc5
23. Nxc8 Ncd3 24. Nd1 Rxc8 25. Bh3 Rc2 26. Qh4 Rd6 27. Rc1 Bg5 28. Qg3 Ne2+ 0-1

[Event "Floripa Chess Open 2024"]
[Site "Florianopolis"]
[Date "2024.01.22"]
[Round "3.185"]
[White "Gomes, Genildo De Souza"]
[Black "Leith Acosta, Marcelo Alejandro"]
[Result "1/2-1/2"]
[WhiteElo "1560"]
[BlackElo "1110"]
[PlyCount "89"]
[EventDate "2024.01.20"]
[EventRounds "10"]
[EventCountry "BRA"]

1. d4 Nf6 2. c4 g6 3. Bg5 Bg7 4. Nf3 O-O 5. Nc3 d6 6. h3 Nbd7 ({RR} 6... Nc6 7.
e3 h6 8. Bh4 Bf5 9. Be2 Ne4 10. O-O g5 11. Nxe4 Bxe4 12. Bg3 Bg6 13. d5 Nb8 14.
Bd3 Bh5 15. Qd2 Nd7 16. Nd4 Nc5 17. Bc2 a5 18. Nf5 Bg6 19. Nxg7 Bxc2 20. Qxc2
Kxg7 21. f4 {Garcia Ilundain,D (2550)-Garcia Luque,A (2365) San Roque 1996 1/
2-1/2 (40)}) 7. Qd2 b6 $146 ({RR} 7... Re8 8. e3 c6 9. Be2 a6 10. a4 a5 11. O-O
e5 12. dxe5 dxe5 13. e4 Qc7 14. Rfe1 Nc5 15. Qc2 Ne6 16. Be3 b6 17. Rec1 Bb7
18. Qb3 Nc5 19. Bxc5 bxc5 20. Rc2 Nh5 21. g3 Bc8 22. Bf1 {Stephan,W-Geisler,R
Moeller Werke 1970 1-0}) ({RR} 7... Re8 8. O-O-O c6 9. e4 Qa5 10. Kb1 e5 11. d5
cxd5 12. cxd5 a6 13. Bd3 b5 14. a3 Bb7 15. Na2 Qxd2 16. Nxd2 Nc5 17. Bc2 Rac8
18. b4 Ncd7 19. Bd3 Kf8 20. Nb3 Nb6 21. Na5 Ba8 22. Rc1 {Lakat,G (1781)
-Szlenka,A (1811) Budapest 2015 0-1 (35)}) ({RR} 7... c5 8. d5 a6 9. a4 Ne8 10.
e4 f5 11. Bh6 Qc7 12. Bd3 Ndf6 13. exf5 Bxh6 14. Qxh6 Bxf5 15. Bxf5 gxf5 16.
O-O Ng7 17. Rfe1 Rae8 18. Ng5 Qd7 19. Ne6 Nxe6 20. Rxe6 Rf7 21. Rae1 Rg7 22.
R1e3 {Hirscheider,W-Hoettges,C Germany 2001 1-0 (50)}) ({RR} 7... Re8 8. O-O-O
c5 9. d5 a6 10. e4 Rb8 11. Bd3 Qa5 12. Qe2 Nb6 13. Bd2 Na4 14. Nxa4 Qxa4 15.
Bb1 b5 16. b3 Qa3+ 17. Kc2 Nxe4 18. g4 bxc4 19. Qxc4 Nxf2 20. Bc1 Qb4 21. Qxb4
cxb4 22. Bf4 {Sienkiewicz,A-Ciazela,A Bartkowa 2002 0-1 (43)}) 8. Bh6 Ba6 9. b3
Bb7 10. Bxg7 Kxg7 11. d5 Nc5 12. Qd4 Re8 13. O-O-O a5 14. e4 a4 15. b4 Ncd7 16.
a3 c5 17. dxc6 Bxc6 18. e5 Nxe5 19. Nxe5 dxe5 20. Qxe5 Qb8 21. Qh2 Qxh2 22.
Rxh2 Ne4 23. Nxe4 Bxe4 24. Bd3 Bxd3 25. Rxd3 Rad8 26. Kc2 Rxd3 27. Kxd3 e5 28.
f3 f5 29. g3 e4+ 30. fxe4 fxe4+ 31. Kd4 Kf6 32. Rf2+ Kg5 33. Ke3 Rc8 34. Kd4
Re8 35. Ke3 Rc8 36. Rc2 Kf5 37. c5 bxc5 38. Rxc5+ Rxc5 39. bxc5 Ke5 40. c6 Kd6
41. Kxe4 Kxc6 42. Kd4 Kb5 43. Kc3 Kc5 44. Kd3 Kd5 45. Kc3 1/2-1/2

[Event "Floripa Chess Open 2024"]
[Site "Florianopolis"]
[Date "2024.01.22"]
[Round "3.186"]
[White "Marques, Melissa Da Costa"]
[Black "Kerr, Lennon"]
[Result "0-1"]
[WhiteElo "1111"]
[BlackElo "1557"]
[PlyCount "134"]
[EventDate "2024.01.20"]
[EventRounds "10"]
[EventCountry "BRA"]

1. e4 e6 2. d4 d5 3. exd5 exd5 4. Nc3 Nf6 5. Bg5 Bb4 6. Nf3 O-O 7. Bd3 ({RR} 7.
Be2 Qd6 8. O-O Bxc3 9. bxc3 Ne4 10. c4 dxc4 11. Bxc4 Bg4 12. Be3 Nc6 13. Qd3
Bxf3 14. gxf3 Nf6 15. c3 Nd5 16. Bb3 Rad8 17. Bc2 Qg6+ 18. Qxg6 fxg6 19. Rab1
b6 20. Be4 Na5 21. Rbc1 Nc4 {Bustos Serrano,D (2057)-Perez Mitjans,O (2463)
San Sebastian 2014 0-1}) ({RR} 7. Be2 Bg4 8. O-O c6 9. Ne5 Bxe2 10. Nxe2 Be7
11. Ng3 h6 12. Bxh6 gxh6 13. Nf5 Nbd7 14. Nxh6+ Kg7 15. Nf5+ Kh8 16. Qd2 Ng8
17. Qe3 Ndf6 18. Qg5 Ne8 19. Qh5+ Nh6 20. Nxh6 Kg7 21. Nhxf7 Nf6 {Golenia,W 
(1984)-Lach,M (1629) Krakow POL 2018 1-0}) 7... Re8+ 8. Ne5 $146 ({RR} 8. Be2
Bg4 9. O-O c6 10. Ne5 Bxe2 11. Nxe2 Be7 12. Ng3 Nfd7 13. Qh5 Nxe5 14. Bxe7 Qxe7
15. dxe5 Qxe5 16. Rfe1 Qxe1+ 17. Rxe1 Rxe1+ 18. Nf1 Nd7 19. f3 Rae8 20. Qf5 Nb6
21. Qd3 Nc4 22. Kf2 Nxb2 {Arroyo Felices,J-Latorre Lopez Moreira,L (1967) ICC
INT 2009 0-1}) ({RR} 8. Be2 Bg4 9. O-O Bxc3 10. bxc3 c6 11. Re1 Nbd7 12. Ne5
Bxe2 13. Qxe2 c5 14. Bxf6 Nxf6 15. Qf3 cxd4 16. cxd4 Rc8 17. c3 Qa5 18. Rec1
Rc7 19. h3 Rec8 20. Ng4 Nxg4 21. Qxg4 Qa6 22. Qf4 h6 {Perminaite,S-Boyajyan,D
Kaunas 2013 0-1 (59)}) 8... Nc6 9. O-O Nxe5 10. dxe5 Rxe5 11. Bf4 Re8 12. Qf3
Bg4 13. Qg3 c6 14. Bg5 Bh5 15. Bh6 Bg6 16. Bxg6 fxg6 17. Bg5 d4 18. Nd1 Ne4 19.
Bxd8 Nxg3 20. hxg3 Raxd8 21. c3 dxc3 22. Nxc3 Bxc3 23. bxc3 Re2 24. Rfe1 Rdd2
25. Rxe2 Rxe2 26. a4 Kf7 27. a5 Ke6 28. Rb1 Kd6 29. Rxb7 Re7 30. Rb3 Kc5 31. a6
Kd6 32. f4 h6 33. Kf2 g5 34. Kf3 gxf4 35. gxf4 g6 36. Kg4 Rf7 37. g3 Rc7 38. f5
gxf5+ 39. Kxf5 c5 40. Kg6 Rc6 41. Kxh6 Rxa6 42. Kh7 Ra4 43. Rb1 Rg4 44. Rg1 Kd5
45. Kh6 Kc4 46. Kh5 Rg8 47. g4 Kxc3 48. Rc1+ Kd4 49. g5 c4 50. g6 Kd3 51. Kh6
c3 52. Kh7 Rc8 53. g7 c2 54. Rf1 c1=Q 55. Rf8 Qh1+ 56. Kg8 Qd5+ 57. Kh8 Qh5+
58. Kg8 Re8 59. Rxe8 Qxe8+ 60. Kh7 a5 61. Kh6 Qg8 62. Kh5 a4 63. Kh4 a3 64. Kg4
a2 65. Kf4 Qxg7 66. Kf5 a1=Q 67. Ke6 Qae5# 0-1

[Event "Floripa Chess Open 2024"]
[Site "Florianopolis"]
[Date "2024.01.22"]
[Round "3.187"]
[White "Carmo, Jose Arlindo"]
[Black "Ruvieri, Valter"]
[Result "1-0"]
[WhiteElo "1541"]
[BlackElo "1067"]
[PlyCount "73"]
[EventDate "2024.01.20"]
[EventRounds "10"]
[EventCountry "BRA"]

1. e4 e5 2. Nf3 d6 3. d4 Nf6 4. dxe5 Nxe4 5. Qd5 Nc5 ({RR} 5... c6 6. Qxe4 Be6
7. Bc4 Bd7 8. Ng5 b6 9. Nxf7 Qc8 10. Nxh8 d5 11. e6 dxe4 12. exd7+ Qxd7 13. O-O
Na6 14. Bxa6 Rd8 {1-0 (14) Al Nuaimi,S-Suhail,A Al Ain 2015}) 6. exd6 Bxd6 7.
Bg5 ({RR} 7. Be3 Nbd7 8. Nc3 Nf6 9. Qd4 O-O 10. O-O-O Bg4 11. Be2 Qc8 12. h3
Bf5 13. g4 Bg6 14. Nh4 Re8 15. g5 Nfe4 16. Nxg6 hxg6 17. Bg4 Qd8 18. h4 Nxc3
19. Qxc3 Qe7 20. Rhe1 Qe4 21. Qd4 Qc6 {Hracek,Z (2602)-Nevednichy,V (2563)
Herceg Novi 2001 1/2-1/2}) 7... Be7 $146 ({RR} 7... f6 8. Be3 Be6 9. Qd1 Nc6
10. Bb5 O-O 11. O-O Kh8 12. Nc3 a6 13. Bxc6 bxc6 14. Nd4 Bd7 15. Qf3 Qb8 16.
Rab1 f5 17. b4 Ne4 18. Nxe4 fxe4 19. Qxe4 Qc8 20. Nb3 Bf5 21. Qxc6 Qe6 22. Qc3
{Krassilnikov,E (2266)-Silivanov,S (2316) Togliatti 2001 1/2-1/2 (54)}) 8.
Qxd8+ Kxd8 9. Bxe7+ Kxe7 10. Nc3 c6 11. O-O-O f6 12. Bc4 b5 13. Rhe1+ Be6 14.
Bxe6 Nxe6 15. Nd4 b4 16. Na4 Rd8 17. Rxe6+ Kf7 18. Ree1 Rd5 19. c4 bxc3 20.
Nxc3 Ra5 21. Nb3 Rg5 22. g3 a5 23. Rd8 a4 24. Nd2 Rc5 25. a3 Rca5 26. Ree8 Re5
27. Rf8+ Kg6 28. Rxb8 Re1+ 29. Kc2 Ra5 30. Rfe8 Rg1 31. h4 Rg2 32. Re7 Rf5 33.
Nxa4 Re5 34. Rxe5 fxe5 35. Ne4 Kf5 36. Nac3 c5 37. Rc8 1-0

[Event "Floripa Chess Open 2024"]
[Site "Florianopolis"]
[Date "2024.01.22"]
[Round "3.189"]
[White "Grams, Leon Honke"]
[Black "Pontes, Larissa Amelio De O"]
[Result "1-0"]
[WhiteElo "1513"]
[BlackElo "1019"]
[PlyCount "65"]
[EventDate "2024.01.20"]
[EventRounds "10"]
[EventCountry "BRA"]

1. d4 d5 2. c4 c6 3. Nc3 Nf6 4. Nf3 Bf5 5. cxd5 cxd5 6. Qb3 b6 7. Bf4 e6 8. Nb5
Na6 9. Qa4 Bb4+ 10. Nc3+ Qd7 11. Qxa6 O-O 12. e3 $146 ({RR} 12. Bd2 Rab8 13. e3
Rfc8 14. Ne5 Qc7 15. Be2 Nd7 16. Nxd7 Qxd7 17. O-O Qd8 18. a3 Bxc3 19. bxc3 Bc2
20. Qb5 Qg5 21. Bf3 Qf5 22. Qb2 Bd3 23. Rfe1 Rc6 24. Be2 Bxe2 25. Rxe2 e5 26.
Qb1 Qg5 {Cvitan,E (1644)-Mekanova,A Al Ain 2013 1-0 (50)}) ({RR} 12. a3 Bxc3+
13. bxc3 Qc6 14. Rc1 Ne4 15. Ne5 Qe8 16. e3 f6 17. Bb5 Qh5 18. Nd7 Rfd8 19. f3
Ng5 20. c4 e5 21. dxe5 Bxd7 22. exf6 gxf6 23. cxd5 Bxb5 24. Qxb5 Re8 25. O-O
Qg6 26. Kh1 h5 {Takeda,L-Canales Aravena,N Bento Goncalves 2010 1-0 (41)}) ({RR
} 12. Bd2 Rac8 13. e3 Rc7 14. Bd3 Bg4 15. Ne5 Qd6 16. a3 Bxc3 17. Bxc3 Rfc8 18.
O-O h5 19. Qb5 Ne8 20. h3 f6 21. hxg4 fxe5 22. dxe5 Qd8 23. gxh5 Qh4 24. Bg6
Rc5 25. Qd7 Nc7 26. Qxc8+ {1-0 (26) Havas,J (1942)-Ivankov,A Sv Filip i Jakov
2010}) 12... Rac8 13. Rc1 h6 14. Bb5 Qe7 15. O-O Bxc3 16. bxc3 Ne4 17. Bd3 Nxc3
18. Bxf5 exf5 19. Ne5 f6 20. Ng6 Qf7 21. Nxf8 Qxf8 22. Kh1 Qe8 23. Bd6 Rc6 24.
Bb4 Ne4 25. Kg1 Kh7 26. Qb5 Rc8 27. Qxd5 a5 28. Qxf5+ g6 29. Qxc8 Qg8 30. Rc7+
Kh8 31. Qh3 Ng5 32. Qxh6+ Nh7 33. Be7 1-0

[Event "Floripa Chess Open 2024"]
[Site "Florianopolis"]
[Date "2024.01.22"]
[Round "3.190"]
[White "Lisboa, Maria Eduarda Mazza"]
[Black "Nobre, Jailson Altair Barb"]
[Result "0-1"]
[WhiteElo "1081"]
[BlackElo "1512"]
[PlyCount "64"]
[EventDate "2024.01.20"]
[EventRounds "10"]
[EventCountry "BRA"]

1. e4 c5 2. Nf3 e6 3. c3 d5 4. e5 Nc6 5. d4 cxd4 6. cxd4 Nge7 7. Na3 a6 8. Be2
({RR} 8. Bd3 Bd7 9. O-O h6 10. Re1 g6 11. Nc2 Nf5 12. a3 Na5 13. Ne3 Rc8 14.
Ng4 Bg7 15. Bf4 Qb6 16. b4 Nc4 17. Bxf5 exf5 18. Nf6+ Bxf6 19. exf6+ Kd8 20.
Ne5 Be6 21. h4 Nxe5 22. Bxe5 Kd7 {Karpatchev,A (2474)-Meijers,V (2455)
Schwarzach 2002 1/2-1/2 (46)}) ({RR} 8. Nc2 Nf5 9. Bd3 Nh4 10. O-O Be7 11. Nxh4
Bxh4 12. Qg4 g6 13. Bh6 Be7 14. Qd1 Bg5 15. Bxg5 Qxg5 16. Qf3 O-O 17. Rfd1 Bd7
18. Bf1 Rac8 19. Ne3 Ne7 20. Ng4 Bb5 21. Nf6+ Kg7 22. Bxb5 axb5 {Kaden,R (1791)
-Schaefer,J (1503) Germany 2017 1-0 (65)}) 8... Qb6 9. O-O Nf5 10. Nc2 Be7 $146
({RR} 10... g6 11. Rb1 Bg7 12. b4 h5 13. Ba3 Qc7 14. b5 Na5 15. b6 Qd7 16. Ne3
Nxe3 17. fxe3 Bf8 18. Bxf8 Kxf8 19. Ng5 f5 20. exf6 Nc4 21. Bxc4 dxc4 22. Qc2
Rh6 23. Qxc4 Qd5 24. Qb4+ {1-0 (24) Doehner,H (2070)-Geckle,G (1581)
Grieskirchen 1998}) 11. Bd3 O-O 12. a3 Na5 13. b4 Nb3 14. Rb1 Nxc1 15. Qxc1 Nh6
16. Re1 Bd7 17. Na1 Rac8 18. Qb2 Bb5 19. Bxb5 Qxb5 20. h3 Rc4 21. Nd2 Rc6 22.
Nab3 b6 23. Nc1 Rfc8 24. Qa1 Rc2 25. Nf3 Nf5 26. a4 Qc4 27. b5 a5 28. Rd1 Bb4
29. Nd3 Bc3 30. Nb2 Qe2 31. Rf1 Bxb2 32. Rxb2 Rxb2 0-1